000
00312nam a2200133Ia 4500
008
150731s2014 xx 000 0 und d
082
_a
611
_b
H 14 C
100
_a
CHAURASIA,B.D.
245
_a
HB. OF GENERAL ANATOMY
250
_a
4 TH
260
_b
C B S PUB. INDIA
_c
2014
300
_a
262
942
_2
ddc
_c
BK
_0
31
999
_c
7944
_d
7944